000 00408nam a2200157 i 4500
001 bg
100 1 _aKACENELINBOJGEN, A.
245 0 _aReprodukcja i optimum ekonomiczne /
_cA. Kacenelinbojben, S. Movsovic, J. Ovsienko.
260 _aWarszawa,
_c1974.
700 1 _aMOVSOVIC, S.
700 1 _aOVSIENKO, J.
040 _cBPK
041 _apol
942 _cKS
008 s pl f |000 0 pol
999 _c26733
_d26733
856 _uhttp://koha.tu.koszalin.pl/cgi-bin/koha/opac-detail.pl?biblionumber=26733
_yKatalog online BPK